| 000 | 02426nam a2200325 4500 | ||
|---|---|---|---|
| 003 | EC-UNACH | ||
| 005 | 20260323165208.0 | ||
| 006 | s||||gr|||| 00| 00 | ||
| 008 | 150116t9999 mx r gr 000 0 spa d | ||
| 020 | _a978-9942-7031-7-0 | ||
| 040 |
_aEC-UNACH _cEC-UNACH |
||
| 041 | _aspa | ||
| 082 | 0 | 4 |
_223 _a371 _bL015105 |
| 100 | _aCarrillo Cando, Luis Edison | ||
| 245 | _aDidáctica de química: Aprenda fácil | ||
| 250 | _aPrimera edición | ||
| 264 |
_aRiobamba - Ecuador _bUniversidad Nacional de Chimborazo _c2022 |
||
| 264 | _bProducción UNACH | ||
| 300 |
_a288 páginas _bGráficos, tablas |
||
| 500 | _aEl auge de la tecnología genera cambios en los procesos de enseñanza y aprendizaje de los educandos de la Licenciatura de la Pedagogía de Química y Biología, carrera Ciencias Experimentales, de la Facultad de Ciencias de la Educación de la Universidad Nacional de Chimborazo. Por tal razón, se hace necesaria la aplicación de metodologías constructivistas, que, junto con las herramientas tecnológicas, se interrelacionen para innovar los métodos, estrategias y técnicas didácticas, que faciliten llegar al conocimiento. El perfil del futuro docente, en una sociedad tecnológica, cambiante, democrática, debe orientarse a ser un profesional con deseos constantes de aprender a aprender, a incursionar en los cambios para compartir, con pasión, sus experiencias didácticas, estimulando a sus estudiantes a fortalecer sus competencias científicas. Los aportes que se emiten en esta obra se encaminan a contribuir al educador, a la incursión de un currículo que ponga énfasis en lo afectivo, ético e intelectual, junto con su desenvolvimiento académico. | ||
| 501 | _aIncluye índice general, índice de tablas, índice de figuras | ||
| 505 | _aMetodología para la formación didáctica.-- Química general: del aula a la vida.-- Explorando el mundo de la materia ínfima: el átomo.-- Escribiendo y nombrando compuestos químicos inorgánicos.-- Enlazando elementos para generar compuestos. | ||
| 650 | _aCompuestos químicos orgánicos | ||
| 650 | _aGeometría atómica | ||
| 856 |
_uhttps://editorial.unach.edu.ec/index.php/Editorial/catalog/book/144 _yLibro digital - Didáctica de química: Aprenda fácil |
||
| 942 |
_2ddc _cEBOOK |
||
| 999 | _c11622 | ||